00453nam a2200181Ia 4500003000400000005001700004008004000021020001800061040001000079041001200089082001300101100001800114245008100132250000600213260003400219300000800253440001000261OSt20250703150519.0210210b1980 xxu||||| |||| 00| 0 eng d a0 85226 028 8 aALc  aEnglish a515 APOC aTom M Apostol aCalculus : one variable calculus with an introduction to linear algebra Vol1 a2 aNDbWiley Eastern Ltd.c1980 a666 vVol 1